Steps to the future : fresh thinking on the management of IT-based organizational transformation

Αποθηκεύτηκε σε:
Λεπτομέρειες βιβλιογραφικής εγγραφής
Κύριος συγγραφέας: Sauer, Christopher 1953-
Μορφή: Βιβλίο
Γλώσσα:English
Δημοσίευση: San Francisco : Jossey-Bass Publishers, c1997
Σειρά:Jossey-Bass business & management series
Θέματα:
Ετικέτες: Προσθήκη ετικέτας
Δεν υπάρχουν, Καταχωρήστε ετικέτα πρώτοι!

MARC

LEADER 00000nam a2200000 i 4500
001 1/55314
008 980414s1997 eng d
020 |a 0787903582 
035 |l 10027830 
040 |a GR-MY-UA  |b gre  |e aacr 
041 0 |a eng 
082 0 |a 658.4038011 
100 1 |a Sauer, Christopher  |d 1953- 
245 1 0 |a Steps to the future :  |b fresh thinking on the management of IT-based organizational transformation /  |c Christopher Sauer 
260 |a San Francisco :   |b Jossey-Bass Publishers,   |c c1997 
300 |a xxv, 320 p. 
490 1 |a Jossey-Bass business & management series 
504 |a Includes index 
650 0 0 |a Management information systems. 
650 0 0 |a Information technology. 
650 0 0 |a Organizational change. 
830 0 |a Jossey-Bass business & management series 
852 |a INST  |b CHIOS  |e 19980414  |h 658.4038011 SAU  |p 005200009541  |q 005200009541  |t BK  |y 0 
901 |a BIBL-1998-1 
909 |a Χ  |b 054384 
922 |a 2ΕΛΗ  |b 199803  |c ΤΔΕ  |d ΠΑΠΑΣΩΤΗΡΙΟΥ